Právní úprava na ochranu ovzduší /

Main Author: Jančářová, Ilona, 1959-
Language: Czech
Published: Brno : Masarykova univerzita, 1993
Edition: 1. vyd.
Series: Právnické sešity
Physical Description: 49 s.
Book
Saved in:
LEADER 01469nam a22003492a 4500
001 000137062
003 CZ BrMZK
005 20231106063838.0
008 970103s1993 xr f cze d
015 |a cnb000075200 
020 |a 80-210-0579-3 
035 |a (OCoLC)39596847 
040 |a BOA001  |b cze 
080 |a 505.55(203)(075.8)  |2 MRF 
080 |a 614.71(075.8)  |2 MRF 
100 1 |a Jančářová, Ilona,  |d 1959-  |7 xx0019521 
245 1 0 |a Právní úprava na ochranu ovzduší /  |c Ilona Jančářová 
250 |a 1. vyd. 
260 |a Brno :  |b Masarykova univerzita,  |c 1993 
300 |a 49 s. 
490 1 |a Právnické sešity ;  |v č. 11 
504 |a Obsahuje bibliografii 
830 0 |a Právnické sešity  |0 s 
910 |a BOA001  |b TK-0253.762  |b 2-0989.515 
920 |a 000009236 
990 |a BK 
996 7 |b 2610000636  |c 2-0989.515  |l MZK  |r Sklad / do 1 hodiny  |n 13  |p p.v.  |w 000137062  |u 000020  |a 1  |e BOA001  |j MZK50  |s A 
996 6 |b 2610030610  |c 2-0989.515  |l MZK  |r Sklad / do 1 hodiny  |n 0  |p kup  |w 000137062  |u 000030  |a 1  |e BOA001  |j MZK50  |s P 
996 7 |b 2610030611  |c 2-0989.515  |l MZK  |r Sklad / do 1 hodiny  |n 1  |p kup  |w 000137062  |u 000040  |a 1  |e BOA001  |j MZK50  |s A 
996 7 |b 2610030612  |c 2-0989.515  |l MZK  |r Sklad / do 1 hodiny  |n 3  |p kup  |w 000137062  |u 000050  |a 1  |e BOA001  |j MZK50  |s A 
996 7 |b 2610030613  |c 2-0989.515  |l MZK  |r Sklad / do 1 hodiny  |n 8  |p kup  |w 000137062  |u 000060  |a 1  |e BOA001  |j MZK50  |s A 
996 7 |b 2629983286  |c TK-0253.762  |l MZK  |r Sklad / do 24 hodin  |n 2  |w 000137062  |u 000010  |a 1  |e BOA001  |j MZK50  |s A